Battles And Wars of 1939-1945 - Statistics

General Stats
  • This quiz has been taken 62 times
  • The average score is 6 of 15
Answer Stats
Hint Answer % Correct
1942-1943, eastern front, Allied victory (namesake of a leader) stalingrad
75%
1945, Western front, Allied Victory (use Battle of, for this answer, last German offensive) Battle of the Bulge
71%
1942, Southeast Asian front, Axis victory (biggest defeat of British Military History) Singapore
69%
1941-1945, Allied Victory, (Siege) Leningrad
60%
1941, Eastern front, Allied Victory, (city itself was mostly untouched) Moscow
58%
1941, Balkan front, Axis Victory, (Battle, not for a area but the whole country itself) Greece
56%
1942, Pacific front, Axis Victory, (turned the tide of the war in the Pacific) Midway
56%
1941, Eastern front, Axis Victory (largest encirclement in history) Kiev
50%
1939, Central Front, Axis Victory, (beginning of WW2, capital city) Warsaw
40%
1945, Pacific Front, Allied Victory, (Last major battle of WW2) Okinawa
21%
1940-41, Northern Front, Soviet Victory, (this country lost its 2nd largest city) Winter War
19%
1945, Central Front, Allied Victory, (This battle brought the end of the Third Reich) Berlin
10%
1942, North African Front, Allied Victory, (This battle saved Egypt from German and Italian conquest) El Alemain
8%
1945, Central Front, Allied Victory, (nicknamed 2nd Battle of Berlin) Vienna
8%
1944, Central Front, Allied Victory, (This operation devastated the Germans and drove them into Poland) Operation Bagration
2%
No matching quizzes found
Score Distribution
Percent of People with Each Score
Percentile by Number Answered
Your Score History
You have not taken this quiz